[Event "EU-chT (Women) 23rd"]
[Site "Terme Catez"]
[Date "2021.11.21"]
[Round "9.3"]
[White "Porat, Maya"]
[Black "Berke, Ana"]
[Result "1-0"]
[WhiteElo "2256"]
[BlackElo "2135"]
[PlyCount "75"]
[EventDate "2021.11.12"]
[EventType "team-swiss"]
[EventRounds "9"]
[EventCountry "SLO"]
[SourceTitle "CBM 205"]
[Source "ChessBase"]
[SourceDate "2021.12.31"]
[SourceVersion "1"]
[SourceVersionDate "2021.12.31"]
[SourceQuality "1"]
[WhiteTeam "Israel (W)"]
[BlackTeam "Croatia (W)"]
[WhiteTeamCountry "ISR"]
[BlackTeamCountry "CRO"]

1. d4 Nf6 2. c4 e6 3. Nf3 Bb4+ 4. Bd2 Qe7 5. g3 Nc6 6. Bg2 Bxd2+ 7. Nbxd2 d6 8. e4 e5 9. d5 Nb8 10. 0-0 0-0 11. Ne1 a5 12. Nd3 Na6 13. Qc2 Bd7 14. Rac1 c6 15. dxc6 bxc6 16. c5 d5 17. a3 Rab8 18. Rfe1 dxe4 19. Nxe4 Bf5 20. Qc4 Nc7 21. Nxf6+ Qxf6 22. Nxe5 Rxb2 23. Qc3 Ra2 24. Nxc6 Be6 25. Qxf6 gxf6 26. Re3 Nb5 27. Ne7+ Kg7 28. c6 Nd4 29. Bf1 Re8 30. Bc4 Rc2 31. Rxc2 Nxc2 32. Rxe6 fxe6 33. c7 Nxa3 34. Bd3 e5 35. c8Q Rxc8 36. Nxc8 e4 37. Bxe4 Nc4 38. Bd5 1-0

[Event "EU-chT (Women) 23rd"]
[Site "Terme Catez"]
[Date "2021.11.18"]
[Round "6.3"]
[White "Sandu, Mihaela"]
[Black "Porat, Maya"]
[Result "1-0"]
[WhiteElo "2244"]
[BlackElo "2256"]
[PlyCount "109"]
[EventDate "2021.11.12"]
[EventType "team-swiss"]
[EventRounds "9"]
[EventCountry "SLO"]
[SourceTitle "CBM 205"]
[Source "ChessBase"]
[SourceDate "2021.12.31"]
[SourceVersion "1"]
[SourceVersionDate "2021.12.31"]
[SourceQuality "1"]
[WhiteTeam "Romania (W)"]
[BlackTeam "Israel (W)"]
[WhiteTeamCountry "ROU"]
[BlackTeamCountry "ISR"]

1. e4 c5 2. Nf3 e6 3. d4 cxd4 4. Nxd4 Nf6 5. Nc3 Nc6 6. Ndb5 Bb4 7. a3 Bxc3+ 8. Nxc3 d5 9. Bd3 0-0 10. 0-0 d4 11. Ne2 e5 12. h3 Qd6 13. Ng3 Be6 14. f4 exf4 15. Rxf4 Nd7 16. Qh5 Qe5 17. Nf5 Bxf5 18. exf5 Nf6 19. Qh4 Rfe8 20. Bd2 Qc5 21. Rf3 Kh8 22. Rg3 Rg8 23. Rf1 Rae8 24. Bg5 Qd6 25. Rf4 Re3 26. Bxf6 Qxf6 27. Qxf6 gxf6 28. Rxe3 dxe3 29. Re4 Ne5 30. Rxe3 Rg5 31. Be4 Nc4 32. Rc3 Nd6 33. Bd3 Nxf5 34. Rc7 Nd6 35. c4 Rg3 36. Bc2 b6 37. Kf2 Rg5 38. Bd3 Rc5 39. Rxc5 bxc5 40. b4 cxb4 41. axb4 Kg7 42. Ke3 h5 43. g3 Kf8 44. c5 Ne8 45. Kd4 Nc7 46. Be2 Ne6+ 47. Kc4 f5 48. Bxh5 f4 49. gxf4 Nxf4 50. Bg4 Ke7 51. Kd4 Ng6 52. Kd5 Kd8 53. Kd6 Ne7 54. c6 f5 55. c7+ 1-0

[Event "EU-chT (Women) 23rd"]
[Site "Terme Catez"]
[Date "2021.11.15"]
[Round "4.7"]
[White "Porat, Maya"]
[Black "Milliet, Sophie"]
[Result "0-1"]
[WhiteElo "2256"]
[BlackElo "2418"]
[PlyCount "90"]
[EventDate "2021.11.12"]
[EventType "team-swiss"]
[EventRounds "9"]
[EventCountry "SLO"]
[SourceTitle "CBM 205"]
[Source "ChessBase"]
[SourceDate "2021.12.31"]
[SourceVersion "1"]
[SourceVersionDate "2021.12.31"]
[SourceQuality "1"]
[WhiteTeam "Israel (W)"]
[BlackTeam "France (W)"]
[WhiteTeamCountry "ISR"]
[BlackTeamCountry "FRA"]

1. c4 b6 2. Nc3 Bb7 3. e4 e5 4. Nf3 Nc6 5. d3 Nf6 6. g3 Bc5 7. Bh3 d6 8. Nd5 h6 9. 0-0 0-0 10. Nh4 Nxd5 11. cxd5 Nd4 12. Rb1 a5 13. Be3 c6 14. Bxd4 Bxd4 15. dxc6 Bxc6 16. Nf5 Bd7 17. Qg4 Bxf5 18. Qxf5 Ra7 19. Qf3 Rc7 20. Qe2 Qg5 21. Rfd1 Re8 22. Qd2 Qxd2 23. Rxd2 Ree7 24. Kf1 Rc5 25. Ke2 Rec7 26. Kd1 h5 27. Bg2 g6 28. Bf3 Kg7 29. h4 b5 30. a3 b4 31. axb4 axb4 32. b3 Ra7 33. g4 hxg4 34. Bxg4 Ra8 35. Ke2 Rh8 36. Rh1 Rc3 37. Rb2 Kf6 38. Kd2 Ra8 39. Rhb1 Rc7 40. Rc2 Rxc2+ 41. Kxc2 Ra2+ 42. Kd1 Rxf2 43. h5 Kg5 44. hxg6 fxg6 45. Be6 Kf4 0-1

[Event "EU-chT (Women) 23rd"]
[Site "Terme Catez"]
[Date "2021.11.13"]
[Round "2.15"]
[White "Hercog, Nusa"]
[Black "Porat, Maya"]
[Result "0-1"]
[WhiteElo "1983"]
[BlackElo "2256"]
[PlyCount "90"]
[EventDate "2021.11.12"]
[EventType "team-swiss"]
[EventRounds "9"]
[EventCountry "SLO"]
[SourceTitle "CBM 205"]
[Source "ChessBase"]
[SourceDate "2021.12.31"]
[SourceVersion "1"]
[SourceVersionDate "2021.12.31"]
[SourceQuality "1"]
[WhiteTeam "Slovenia (W) II"]
[BlackTeam "Israel (W)"]
[WhiteTeamCountry "SLO"]
[BlackTeamCountry "ISR"]

1. d4 e6 2. c4 b6 3. Nc3 Bb4 4. Nf3 Bb7 5. e3 f5 6. Bd3 Nf6 7. 0-0 0-0 8. a3 Bxc3 9. bxc3 Ne4 10. Qc2 d6 11. Nd2 Nxd2 12. Bxd2 Qg5 13. d5 Nd7 14. f4 Qh5 15. e4 fxe4 16. Bxe4 exd5 17. Bf3 Qf7 18. Rfe1 Rae8 19. Be3 Nf6 20. Rad1 d4 21. Bxb7 dxe3 22. Qd3 Qh5 23. Bf3 Qc5 24. Re2 Qxa3 25. Rde1 Qc5 26. g3 Re7 27. Kg2 Rfe8 28. Rb1 c6 29. h3 d5 30. cxd5 Nxd5 31. c4 Nf6 32. Ra1 Rd7 33. Qb3 h5 34. Ra3 Rde7 35. Ra6 h4 36. gxh4 Kh8 37. Raa2 Nh5 38. Bxh5 Qxh5 39. Qc3 Qxh4 40. Qd4 Re6 41. Kh2 Re4 42. Qd7 Qxf4+ 43. Kg2 R8e6 44. Re1 Rg6+ 45. Kh1 Qf3+ 0-1

[Event "ISR-chT 13"]
[Site "Israel"]
[Date "2013.02.08"]
[Round "11.4"]
[White "Porat, Maya"]
[Black "Boruchovsky, Avital"]
[Result "1/2-1/2"]
[WhiteElo "2288"]
[BlackElo "2448"]
[PlyCount "38"]
[EventDate "2012.12.21"]
[EventType "team"]
[EventRounds "11"]
[EventCountry "ISR"]
[SourceTitle "EXT 2014"]
[Source "ChessBase"]
[SourceDate "2013.11.20"]
[SourceVersion "1"]
[SourceVersionDate "2013.11.20"]
[SourceQuality "1"]

1. d4 d5 2. c4 e6 3. Nc3 Bb4 4. Nf3 Nf6 5. cxd5 exd5 6. Bg5 h6 7. Bxf6 Qxf6 8. a3 Bxc3+ 9. bxc3 0-0 10. e3 Bf5 11. Bd3 Bxd3 12. Qxd3 Qa6 13. Ne5 f6 14. Qxa6 Nxa6 15. Nd3 c6 16. Kd2 Nc7 17. Rhc1 Nb5 18. c4 dxc4 19. Rxc4 Nd6 1/2-1/2

[Event "ISR-chT 13"]
[Site "Israel"]
[Date "2013.02.01"]
[Round "9.5"]
[White "Porat, Maya"]
[Black "Gurevich, Gregory"]
[Result "1/2-1/2"]
[WhiteElo "2288"]
[BlackElo "2351"]
[PlyCount "38"]
[EventDate "2012.12.21"]
[EventType "team"]
[EventRounds "11"]
[EventCountry "ISR"]
[SourceTitle "EXT 2014"]
[Source "ChessBase"]
[SourceDate "2013.11.20"]
[SourceVersion "1"]
[SourceVersionDate "2013.11.20"]
[SourceQuality "1"]

1. d4 d5 2. c4 dxc4 3. Nf3 Nf6 4. e3 e6 5. Bxc4 c5 6. 0-0 Nc6 7. Nc3 cxd4 8. exd4 Be7 9. Bf4 0-0 10. a3 b6 11. d5 Na5 12. Ba2 exd5 13. Nxd5 Nxd5 14. Bxd5 Bb7 15. Bxb7 Nxb7 16. b4 Bd6 17. Bxd6 Nxd6 18. Rc1 Ne4 19. Re1 Qxd1 1/2-1/2

[Event "Olympiad Women-40"]
[Site "Istanbul"]
[Date "2012.09.04"]
[Round "7.1"]
[White "Franciskovic, Borka"]
[Black "Porat, Maya"]
[Result "0-1"]
[WhiteElo "2258"]
[BlackElo "2295"]
[PlyCount "110"]
[EventDate "2012.08.28"]
[EventType "team-swiss"]
[EventRounds "11"]
[EventCountry "TUR"]
[SourceTitle "CBM 150 Extra"]
[Source "ChessBase"]
[SourceDate "2012.10.19"]
[SourceVersion "1"]
[SourceVersionDate "2012.10.19"]
[SourceQuality "1"]
[WhiteTeam "Croatia (W)"]
[BlackTeam "Israel (W)"]
[WhiteTeamCountry "CRO"]
[BlackTeamCountry "ISR"]

1. c4 e6 2. Nc3 d5 3. d4 Be7 4. Bf4 Nf6 5. e3 0-0 6. Nf3 c5 7. dxc5 Qa5 8. Be2 Rd8 9. 0-0 dxc4 10. Qa4 Qxa4 11. Nxa4 Bd7 12. Nc3 Bxc5 13. Bxc4 Nc6 14. Rfd1 Be8 15. h3 a6 16. Ng5 Rxd1+ 17. Rxd1 Rd8 18. Rxd8 Nxd8 19. Nge4 Nxe4 20. Nxe4 Be7 21. Bc7 b5 22. Bd3 Nb7 23. g4 Bc6 24. Kf1 f5 25. Nd2 Nc5 26. Bc2 g6 27. gxf5 exf5 28. Be5 Bd5 29. a3 a5 30. Bd4 a4 31. f4 Kf7 32. Kf2 Ke6 33. Kg3 h5 34. h4 Bc6 35. Bd1 Nd3 36. Be2 Ne1 37. Bf1 Nc2 38. Nb1 Nxd4 39. exd4 Bf6 40. Nc3 Bxd4 41. Nxb5 Bxb2 42. Bc4+ Ke7 43. Na7 Bd7 44. Nb5 Be6 45. Bd3 Bb3 46. Kf3 Ke6 47. Ke3 Kd5 48. Nc7+ Kd6 49. Nb5+ Kc5 50. Kd2 Bf6 51. Nc3 Bxh4 52. Bb5 Bf6 53. Be8 Bxc3+ 54. Kxc3 h4 55. Bxg6 h3 0-1

[Event "Olympiad Women-40"]
[Site "Istanbul"]
[Date "2012.09.01"]
[Round "5.1"]
[White "Muzychuk, Anna"]
[Black "Porat, Maya"]
[Result "1/2-1/2"]
[WhiteElo "2606"]
[BlackElo "2295"]
[PlyCount "126"]
[EventDate "2012.08.28"]
[EventType "team-swiss"]
[EventRounds "11"]
[EventCountry "TUR"]
[SourceTitle "CBM 150 Extra"]
[Source "ChessBase"]
[SourceDate "2012.10.19"]
[SourceVersion "1"]
[SourceVersionDate "2012.10.19"]
[SourceQuality "1"]
[WhiteTeam "Slovenia (W)"]
[BlackTeam "Israel (W)"]
[WhiteTeamCountry "SLO"]
[BlackTeamCountry "ISR"]

1. e4 c5 2. Nf3 e6 3. d4 cxd4 4. Nxd4 Nf6 5. Nc3 Nc6 6. Ndb5 Bb4 7. Bf4 0-0 8. Bc7 Qe7 9. Bd6 Bxd6 10. Qxd6 a6 11. Qxe7 Nxe7 12. Nd6 b5 13. 0-0-0 Rb8 14. f3 Bb7 15. a4 b4 16. Nb1 Bc6 17. b3 a5 18. Nd2 Nc8 19. N2c4 Nxd6 20. Rxd6 Ra8 21. Ne5 Rfc8 22. Bb5 Bxb5 23. axb5 Rc5 24. Nxd7 Nxd7 25. Rxd7 Rxb5 26. Rhd1 Rbb8 27. Re7 Re8 28. Rxe8+ Rxe8 29. Rd7 Ra8 30. Rc7 g5 31. Rc5 h6 32. Kd2 a4 33. bxa4 Rxa4 34. Rb5 Kg7 35. h3 Kg6 36. Rb8 h5 37. e5 h4 38. Rb7 Kf5 39. Rxf7+ Kxe5 40. Rc7 Ra2 41. Rb7 Ra4 42. Rb5+ Kf6 43. Rb7 Kf5 44. Rf7+ Kg6 45. Rc7 Ra3 46. Rb7 Ra4 47. Rb8 Kf5 48. Rb5+ Kf6 49. Rb7 Kf5 50. Rb5+ Kf6 51. Kd3 Ra3+ 52. Kd4 Ra2 53. Rc5 Rb2 54. Kd3 b3 55. Rc3 bxc2 56. Rxc2 Rxc2 57. Kxc2 Ke5 58. Kd3 Kf4 59. Ke2 Kg3 60. Kf1 e5 61. Kg1 e4 62. fxe4 Kf4 63. Kf2 Ke5 1/2-1/2

[Event "Olympiad Women-40"]
[Site "Istanbul"]
[Date "2012.08.28"]
[Round "1.1"]
[White "Porat, Maya"]
[Black "Gjergji, Rozana"]
[Result "1-0"]
[WhiteElo "2295"]
[BlackElo "1924"]
[PlyCount "63"]
[EventDate "2012.08.28"]
[EventType "team-swiss"]
[EventRounds "11"]
[EventCountry "TUR"]
[SourceTitle "CBM 150 Extra"]
[Source "ChessBase"]
[SourceDate "2012.10.19"]
[SourceVersion "1"]
[SourceVersionDate "2012.10.19"]
[SourceQuality "1"]
[WhiteTeam "Israel (W)"]
[BlackTeam "Albania (W)"]
[WhiteTeamCountry "ISR"]
[BlackTeamCountry "ALB"]

1. d4 Nf6 2. c4 e6 3. Nc3 d5 4. cxd5 exd5 5. Bg5 Be7 6. e3 c6 7. Qc2 0-0 8. Bd3 Nbd7 9. Nf3 Re8 10. 0-0 Ne4 11. Bxe4 dxe4 12. Nxe4 f6 13. Bf4 Nf8 14. h3 Ng6 15. Bh2 Kh8 16. Ng3 Be6 17. Rfe1 Qd7 18. e4 Nf4 19. Qd2 g5 20. Kh1 h5 21. Ne2 Nxg2 22. Rg1 Bxh3 23. Rxg2 Bxg2+ 24. Kxg2 Qg4+ 25. Bg3 h4 26. Rh1 Kg7 27. Nxh4 gxh4 28. Rxh4 Qg5 29. Nf4 Bd6 30. e5 Rad8 31. Qd3 f5 32. Rh5 1-0

[Event "ISR-chT 1112"]
[Site "Israel"]
[Date "2012.02.24"]
[Round "9.3"]
[White "Caspi, Israel"]
[Black "Porat, Maya"]
[Result "1/2-1/2"]
[WhiteElo "2460"]
[BlackElo "2299"]
[PlyCount "77"]
[EventDate "2011.12.16"]
[EventType "team-tourn"]
[EventRounds "11"]
[EventCountry "ISR"]
[SourceTitle "EXT 2013"]
[Source "ChessBase"]
[SourceDate "2012.11.22"]
[SourceVersion "1"]
[SourceVersionDate "2012.11.22"]
[SourceQuality "1"]

1. e4 c5 2. Nf3 e6 3. d4 cxd4 4. Nxd4 Nf6 5. Nc3 Nc6 6. Ndb5 Bb4 7. a3 Bxc3+ 8. Nxc3 d5 9. exd5 exd5 10. Bd3 0-0 11. 0-0 d4 12. Ne2 Bg4 13. Bg5 h6 14. Bh4 Bxe2 15. Qxe2 Re8 16. Qf3 Ne5 17. Qxb7 Nxd3 18. cxd3 Qd5 19. Qb4 Rab8 20. Qd2 Nd7 21. b4 Rbc8 22. Bg3 Qb3 23. Qf4 Qxd3 24. Rfd1 Qc3 25. h3 d3 26. Kh2 Nf6 27. Rac1 Qxa3 28. Rxc8 Rxc8 29. Qd4 Qc3 30. Rxd3 Qxd4 31. Rxd4 Nh5 32. Be5 f6 33. Bd6 Rd8 34. b5 g5 35. Be5 Rc8 36. Bd6 Rd8 37. g3 Ng7 38. Bc5 Rb8 39. Bxa7 1/2-1/2

[Event "EU-chT (Women) 18th"]
[Site "Porto Carras"]
[Date "2011.11.11"]
[Round "9.2"]
[White "Lubbe, Melanie"]
[Black "Porat, Maya"]
[Result "1-0"]
[WhiteElo "2361"]
[BlackElo "2299"]
[PlyCount "101"]
[EventDate "2011.11.03"]
[EventType "team-swiss"]
[EventRounds "9"]
[EventCountry "GRE"]
[SourceTitle "EXT 2012"]
[Source "ChessBase"]
[SourceDate "2011.11.24"]
[SourceVersion "1"]
[SourceVersionDate "2011.11.24"]
[SourceQuality "1"]
[WhiteTeam "Germany (W)"]
[BlackTeam "Israel (W)"]
[WhiteTeamCountry "GER"]
[BlackTeamCountry "ISR"]

1. e4 c5 2. Nf3 e6 3. b3 Nc6 4. Bb2 Nf6 5. e5 Nd5 6. Nc3 Nxc3 7. Bxc3 Be7 8. Bd3 0-0 9. h4 d5 10. exd6 Bf6 11. Ng5 h6 12. Ne4 Bxc3 13. dxc3 f5 14. Nxc5 Qxd6 15. Na4 Ne5 16. Be2 Qc6 17. Qd4 Qxg2 18. 0-0-0 Nc6 19. Qe3 f4 20. Qf3 Qxf3 21. Bxf3 Ne5 22. Be4 Ng4 23. Rd2 Rb8 24. Re1 b6 25. c4 Nf6 26. Bc6 Kf7 27. c5 bxc5 28. Nxc5 Rb6 29. Nd3 g5 30. Ne5+ Kg7 31. hxg5 hxg5 32. Rg1 Nh7 33. Be4 Rb5 34. Nf3 Rg8 35. a4 Ra5 36. Kb2 Nf6 37. Nxg5 e5 38. Bc6 Bg4 39. Ne4 Kf7 40. Nxf6 Kxf6 41. Bb5 e4 42. b4 Rxb5 43. axb5 e3 44. fxe3 fxe3 45. Rdg2 Kf5 46. c4 Kf4 47. Kc1 e2 48. Rxe2 Rc8 49. Rf1+ Bf3 50. Ref2 Rxc4+ 51. Kd2 1-0

[Event "EU-chT (Women) 18th"]
[Site "Porto Carras"]
[Date "2011.11.08"]
[Round "6.1"]
[White "Porat, Maya"]
[Black "Mamedjarova, Zeinab"]
[Result "1/2-1/2"]
[WhiteElo "2299"]
[BlackElo "2314"]
[PlyCount "239"]
[EventDate "2011.11.03"]
[EventType "team-swiss"]
[EventRounds "9"]
[EventCountry "GRE"]
[SourceTitle "EXT 2012"]
[Source "ChessBase"]
[SourceDate "2011.11.24"]
[SourceVersion "1"]
[SourceVersionDate "2011.11.24"]
[SourceQuality "1"]
[WhiteTeam "Israel (W)"]
[BlackTeam "Azerbaijan (W)"]
[WhiteTeamCountry "ISR"]
[BlackTeamCountry "AZE"]

1. d4 Nf6 2. c4 e6 3. Nc3 c5 4. d5 exd5 5. cxd5 d6 6. e4 g6 7. f4 Bg7 8. Bb5+ Nfd7 9. a4 0-0 10. Nf3 a6 11. Bd3 Qc7 12. Be3 c4 13. Bc2 Re8 14. 0-0 Nc5 15. Bd4 Bf8 16. Qe2 Bg4 17. Qxc4 Nbd7 18. Nd2 Nb6 19. Qa2 a5 20. h3 Bd7 21. Rac1 Rac8 22. e5 Bg7 23. Kh1 dxe5 24. fxe5 Bxe5 25. d6 Qxd6 26. Qxf7+ Kh8 27. Bxe5+ Rxe5 28. Nf3 Rh5 29. Rcd1 Qe6 30. Qf4 Qe7 31. Rfe1 Qg7 32. Ne5 Rf8 33. Nxd7 Nbxd7 34. Qd6 Qf6 35. Qxf6+ Nxf6 36. Rd4 Rf7 37. Kh2 Rg5 38. Rf4 Kg7 39. Ref1 Re5 40. g4 Rf8 41. Kg2 Ne6 42. R4f2 g5 43. Rf5 Rxf5 44. Rxf5 Rd8 45. Kg3 h5 46. Bb3 Rd3+ 47. Kf2 Nd4 48. Rxg5+ Kh6 49. Rxa5 hxg4 50. hxg4 Nxg4+ 51. Kg2 Nxb3 52. Rb5 Nd4 53. Rxb7 Nf5 54. Rb6+ Kg5 55. Kf1 Ng3+ 56. Ke1 Kf4 57. Ne2+ Nxe2 58. Kxe2 Rd5 59. b4 Ne5 60. a5 Nc4 61. Rb8 Rd2+ 62. Ke1 Ra2 63. Rh8 Ne3 64. Rf8+ Ke4 65. Rh8 Kd3 66. Rd8+ Kc4 67. Rd2 Nc2+ 68. Kf2 Kxb4 69. a6 Kc3 70. Rd8 Rxa6 71. Kf3 Nd4+ 72. Ke4 Nc6 73. Rc8 Kc4 74. Rc7 Kc5 75. Rh7 Ra4+ 76. Kf5 Kd6 77. Rh6+ Kd5 78. Rh1 Ne7+ 79. Kg5 Re4 80. Kf6 Kd6 81. Rd1+ Nd5+ 82. Kf5 Rf4+ 83. Kg5 Rf8 84. Rd2 Ke5 85. Re2+ Kd4 86. Re6 Nc3 87. Kg6 Ne4 88. Ra6 Ke5 89. Ra5+ Ke6 90. Ra6+ Nd6 91. Ra7 Rf1 92. Kg5 Nf7+ 93. Kg4 Ne5+ 94. Kg3 Rf3+ 95. Kg2 Rb3 96. Ra6+ Kf5 97. Ra4 Nd3 98. Ra8 Ke4 99. Re8+ Ne5 100. Kf2 Rb2+ 101. Kg3 Rb7 102. Kf2 Rh7 103. Ra8 Nd3+ 104. Kg3 Rg7+ 105. Kh4 Kf3 106. Ra3 Kf4 107. Ra4+ Kf5 108. Ra5+ Ne5 109. Kh3 Kf4 110. Ra4+ Ke3 111. Ra3+ Nd3 112. Kh4 Kf4 113. Ra4+ Kf5 114. Ra5+ Ne5 115. Kh3 Kf4 116. Ra4+ Kf3 117. Ra3+ Kf4 118. Ra4+ Kf3 119. Ra3+ Kf4 120. Ra4+ 1/2-1/2

[Event "Andorra op 29th"]
[Site "Arinsal"]
[Date "2011.07.24"]
[Round "9"]
[White "Porat, Maya"]
[Black "Gagarin, Vasilij"]
[Result "1/2-1/2"]
[WhiteElo "2274"]
[BlackElo "2428"]
[PlyCount "78"]
[EventDate "2011.07.16"]
[EventType "swiss"]
[EventRounds "9"]
[EventCountry "AND"]
[SourceTitle "CBM 143 Extra"]
[Source "ChessBase"]
[SourceDate "2011.08.29"]
[SourceVersion "1"]
[SourceVersionDate "2011.08.29"]
[SourceQuality "1"]

1. d4 d5 2. c4 c6 3. Nf3 Nf6 4. e3 e6 5. Bd3 dxc4 6. Bxc4 Nbd7 7. 0-0 Bd6 8. Nc3 b5 9. Bd3 0-0 10. e4 e5 11. Bg5 h6 12. Bxf6 Qxf6 13. d5 b4 14. dxc6 bxc3 15. cxd7 Bxd7 16. bxc3 Rac8 17. Qc2 Bb4 18. Qb3 Rxc3 19. Qxb4 Rxd3 20. Rad1 Rxd1 21. Rxd1 Bg4 22. Qa3 Rc8 23. h3 Bxf3 24. Qxf3 Rc2 25. Qxf6 gxf6 26. Rd6 Rxa2 27. Rxf6 Kg7 28. Rc6 h5 29. g3 f6 30. Rc7+ Kg6 31. Kg2 a5 32. Ra7 a4 33. h4 Ra1 34. Kh2 Rf1 35. Kg2 Ra1 36. Kh2 a3 37. Kg2 a2 38. Kh2 Re1 39. Rxa2 Rxe4 1/2-1/2

[Event "Teplice op 6th"]
[Site "Teplice"]
[Date "2011.06.17"]
[Round "7"]
[White "Valenta, Petr"]
[Black "Porat, Maya"]
[Result "0-1"]
[WhiteElo "1930"]
[BlackElo "2278"]
[PlyCount "62"]
[EventDate "2011.06.11"]
[EventType "swiss"]
[EventRounds "9"]
[EventCountry "CZE"]
[SourceTitle "CBM 142 Extra"]
[Source "ChessBase"]
[SourceDate "2011.06.27"]
[SourceVersion "1"]
[SourceVersionDate "2011.06.27"]
[SourceQuality "1"]

1. d4 e6 2. c4 Nf6 3. a3 c5 4. e3 d5 5. dxc5 Bxc5 6. b4 Bb6 7. Nf3 0-0 8. Bb2 Qe7 9. cxd5 exd5 10. Be2 Nc6 11. 0-0 Bg4 12. Nbd2 Rfd8 13. b5 Na5 14. Qa4 Ne4 15. Rae1 Rac8 16. Bd3 Bxf3 17. Nxf3 Nc4 18. Bxc4 dxc4 19. Bd4 Bc7 20. Qc2 c3 21. Rc1 g5 22. g4 h5 23. Kh1 hxg4 24. Ne5 Nd2 25. Nxg4 Qe4+ 26. Qxe4 Nxe4 27. f3 Nd2 28. Rf2 Ba5 29. Rc2 Nb3 30. Bf6 Rd1+ 31. Kg2 Na1 0-1

[Event "Teplice op 6th"]
[Site "Teplice"]
[Date "2011.06.16"]
[Round "6"]
[White "Porat, Maya"]
[Black "Kriebel, Tadeas"]
[Result "0-1"]
[WhiteElo "2278"]
[BlackElo "2332"]
[PlyCount "108"]
[EventDate "2011.06.11"]
[EventType "swiss"]
[EventRounds "9"]
[EventCountry "CZE"]
[SourceTitle "CBM 142 Extra"]
[Source "ChessBase"]
[SourceDate "2011.06.27"]
[SourceVersion "1"]
[SourceVersionDate "2011.06.27"]
[SourceQuality "1"]

1. d4 Nf6 2. c4 g6 3. Nc3 Bg7 4. e4 d6 5. f4 0-0 6. Nf3 c5 7. d5 b5 8. cxb5 a6 9. a4 Nbd7 10. bxa6 Qa5 11. Bd2 Bxa6 12. Bb5 Bxb5 13. Nxb5 Qb6 14. Nc3 c4 15. Qe2 Nc5 16. Qxc4 Ng4 17. Qe2 Qxb2 18. Ra2 Qb3 19. Qb5 Qxb5 20. Nxb5 Rfb8 21. Rc2 Rxa4 22. h3 Rxe4+ 23. Kf1 Ne3+ 24. Bxe3 Rxe3 25. Kf2 Rxf3+ 26. Kxf3 Rxb5 27. Re1 Bf6 28. g4 h6 29. Re3 Nb3 30. Rc8+ Kg7 31. Rd3 Nd4+ 32. Ke4 Rb4 33. Ke3 g5 34. f5 Nb3 35. Kf3 Rf4+ 36. Kg2 Nc5 37. Ra3 Bd4 38. Ra2 Nd3 39. Re2 Ne5 40. Re8 Nf3 41. R8xe7 Nh4+ 42. Kh2 Rf1 43. R2e4 Bg1+ 44. Kh1 Be3+ 45. Kh2 Bf4+ 46. Rxf4 gxf4 47. f6+ Kxf6 48. Rd7 Nf3+ 49. Kg2 Nd2 50. Rxd6+ Ke7 51. Rxh6 f3+ 52. Kh2 Rf2+ 53. Kh1 Ne4 54. d6+ Kd7 0-1

[Event "Teplice op 6th"]
[Site "Teplice"]
[Date "2011.06.11"]
[Round "1"]
[White "Hlousek, Zdenek"]
[Black "Porat, Maya"]
[Result "0-1"]
[WhiteElo "1823"]
[BlackElo "2278"]
[PlyCount "104"]
[EventDate "2011.06.11"]
[EventType "swiss"]
[EventRounds "9"]
[EventCountry "CZE"]
[SourceTitle "CBM 142 Extra"]
[Source "ChessBase"]
[SourceDate "2011.06.27"]
[SourceVersion "1"]
[SourceVersionDate "2011.06.27"]
[SourceQuality "1"]

1. c4 Nf6 2. Nf3 e6 3. g3 Be7 4. Bg2 c5 5. 0-0 Nc6 6. d4 cxd4 7. Nxd4 0-0 8. b3 a6 9. Bb2 Qc7 10. Nd2 d6 11. e3 Bd7 12. Ne4 Nxe4 13. Bxe4 f5 14. Bg2 Rae8 15. Qd2 Kh8 16. Rfd1 Ne5 17. Rac1 Ng4 18. Nf3 Bc6 19. h3 Nf6 20. Nd4 Bd7 21. Ne2 Rd8 22. Ba3 Be8 23. Nf4 Bf7 24. Bb2 Kg8 25. Qe2 Rd7 26. Qd2 g5 27. Ne2 Qc8 28. Nc3 Bh5 29. Re1 h6 30. Na4 Qd8 31. Nc3 Qe8 32. Ne2 Qf7 33. f4 Kh7 34. fxg5 hxg5 35. Rf1 Bxe2 36. Qxe2 Qg6 37. Qd3 g4 38. Bxf6 Bxf6 39. hxg4 Qxg4 40. Rf3 Be5 41. Kf2 Rg7 42. Rh1+ Kg8 43. Rh3 Rh7 44. Rxh7 Kxh7 45. Qf1 Rf6 46. Bh3 Qe4 47. Kg2 Rg6 48. Kh2 Rh6 49. Qf2 Kg8 50. Kg2 Kg7 51. Kh2 Qg4 52. Qg2 Rxh3+ 0-1

[Event "ISR-chT 1011"]
[Site "Israel"]
[Date "2011.06.10"]
[Round "11.5"]
[White "Finkel, Alexander"]
[Black "Porat, Maya"]
[Result "1-0"]
[WhiteElo "2476"]
[BlackElo "2246"]
[PlyCount "91"]
[EventDate "2010.12.24"]
[EventType "team-tourn"]
[EventRounds "11"]
[EventCountry "ISR"]
[SourceTitle "EXT 2012"]
[Source "ChessBase"]
[SourceDate "2011.11.24"]
[SourceVersion "1"]
[SourceVersionDate "2011.11.24"]
[SourceQuality "1"]
[WhiteTeam "Tel Aviv Shlomo Har Zvi"]
[BlackTeam "Porat Mathematics"]
[WhiteTeamCountry "ISR"]
[BlackTeamCountry "ISR"]

1. e4 e6 2. d3 d5 3. Qe2 Nf6 4. Nf3 b6 5. e5 Nfd7 6. g3 Be7 7. Bg2 Bb7 8. 0-0 0-0 9. h4 c5 10. Bf4 Re8 11. c4 Nf8 12. h5 h6 13. Nc3 Nc6 14. Rad1 Qd7 15. Kh2 Rad8 16. Bh3 Na5 17. Rg1 Nh7 18. b3 a6 19. cxd5 Bxd5 20. Nxd5 Qxd5 21. Bg2 Nc6 22. d4 cxd4 23. Qxa6 Qa5 24. Qb7 Qb5 25. a4 Qc5 26. Rc1 Na5 27. Rxc5 Nxb7 28. Rb5 Nc5 29. Rxb6 d3 30. Nd2 Rb8 31. Rxb8 Rxb8 32. a5 Na6 33. Be4 Bb4 34. Bxd3 Nc5 35. Bxh7+ Kxh7 36. Ra1 Ra8 37. Nc4 Bc3 38. Rb1 Nd3 39. Be3 Nb4 40. Rc1 Nd5 41. Nb6 Nxb6 42. axb6 Bxe5 43. f4 Bd6 44. Rd1 Ra2+ 45. Kh3 Re2 46. Bg1 1-0

[Event "Marianske Lazne IM-B"]
[Site "Marianske Lazne"]
[Date "2011.01.20"]
[Round "7"]
[White "Porat, Maya"]
[Black "Petrova, Kristyna"]
[Result "1-0"]
[WhiteElo "2246"]
[BlackElo "2297"]
[PlyCount "103"]
[EventDate "2011.01.15"]
[EventType "tourn"]
[EventRounds "9"]
[EventCountry "CZE"]
[EventCategory "2"]
[SourceTitle "CBM 140 Extra"]
[Source "ChessBase"]
[SourceDate "2011.03.01"]
[SourceVersion "1"]
[SourceVersionDate "2011.03.01"]
[SourceQuality "1"]

1. d4 Nf6 2. c4 g6 3. Nf3 Bg7 4. g3 0-0 5. Bg2 d5 6. cxd5 Nxd5 7. 0-0 Nb6 8. Nc3 Nc6 9. e3 Re8 10. d5 Na5 11. Nd4 Bd7 12. Rb1 Rc8 13. b4 c5 14. Ne6 fxe6 15. bxa5 Nc4 16. Rxb7 Nd6 17. Rxd7 Qxd7 18. dxe6 Qc7 19. Nd5 Qxa5 20. Nxe7+ Rxe7 21. Qxd6 Qd8 22. Qa6 Kh8 23. Ba3 Rec7 24. Qc4 Qd6 25. Rc1 Bf6 26. Bf3 Bg7 27. h4 Qe7 28. Kg2 Qf6 29. Rc2 h5 30. Be4 Kh7 31. f4 Kh6 32. Bb2 Qe7 33. Bc1 Bf6 34. Bd5 Kg7 35. Ba3 Qd8 36. Rd2 Qe8 37. Qe4 Rd8 38. Rc2 Rdc8 39. Qc4 Qd8 40. Bc1 Qe7 41. a4 Qe8 42. Ba3 Qd8 43. Kh3 Qe8 44. Rg2 Qe7 45. Qc2 Rh8 46. Kh2 Bxh4 47. e4 Rd8 48. Rd2 Qf8 49. Bb2+ Bf6 50. e7 Rxe7 51. e5 Bh4 52. Qe4 1-0